| 000 | 00478cam a2200193ua 4500 | ||
|---|---|---|---|
| 001 | 2507 | ||
| 008 | 110824n ii |||gr||||Z||||||asm | ||
| 040 | _cMAIN | ||
| 082 | _a333.7 | ||
| 100 | 1 |
_aSaikia, Khirod., _eAuthor. |
|
| 245 | 1 | 1 |
_aParipashrik arthaniti _cby Khirod Saikia |
| 250 | _a1st ed. | ||
| 260 |
_aDibrugarh: _b[s.n] _c2003. |
||
| 300 |
_a65p.: _c2cm. |
||
| 653 | _aEconomics | ||
| 653 | _aEnvironmental economics | ||
| 653 | _aParipashrik arthaniti | ||
| 942 | _cBK | ||
| 999 |
_c2361 _d2361 |
||